000 00496nam a2200169Ia 4500
999 _c46
_d46
003 OSt
005 20201223114617.0
008 190216s9999||||xx |||||||||||||| ||und||
040 _coclc
082 _a297.122594812
_bALA/V
100 _a Alavi, Muhammed
_97801
245 0 _aVishudha Qur`an /
_cMuhammed Alavi
260 _bIslamic Foundation Press,
_c1978.
_aNew Delhi:
300 _a372p
650 _aArabic
942 _cBK
_2ddc
_h297.122594812
_iALA/V
_k297.122594812
_mALA/V